| 000 | 00732nam a2200169 a 4500 | ||
|---|---|---|---|
| 005 | 20210219160540.0 | ||
| 008 | 081110s1979 mx r 000 0 spa d | ||
| 035 | _aUPN01000167691 | ||
| 049 | _aUNE | ||
| 080 | _a374.7 (7/8) "1979" ALG. | ||
| 111 | 2 |
_aSeminario Latinoamericano sobre Educación Integrada de Adultos _n(2a. : _d1979 : _cMichoacán, México) |
|
| 245 | 1 | 0 | _aAlgunos planteamientos de base para la formulación de políticas y estrategias de desarrollo de la educación de adultos en la década de los ochenta. |
| 260 |
_aPátzcuaro, Mich., México : _bCREFAL; _bSEP; _aWashington : _bOEA; _bPREDE, _c1979. |
||
| 300 | _a154 p. | ||
| 690 | _aEducacion de adultos- Desarrollo economico y social- A. L. | ||
| 905 | _aUNESCO | ||
| 999 |
_c139802 _d139802 |
||